LEADER 00945nam0-22003131i-450- 001 990001627390403321 005 20070412094708.0 035 $a000162739 035 $aFED01000162739 035 $a(Aleph)000162739FED01 035 $a000162739 100 $a20030910d1911----km-y0itay50------ba 101 0 $aita 102 $aIT 200 1 $a<>composti di arsenico in agricoltura$fG. Ampola, G. Tommasi 210 $aRoma$cTip. Italia$d[1911] 215 $a137 p., 2 tav.$d25 cm 300 $aEstr. da: Annali della R. Stazione chimico-agraria sperimentale di Roma, ser. 2., v. 5(1911) 610 0 $aArsenico 676 $a546.715 700 1$aAmpola,$bGaspare$0300618 701 1$aTommasi,$bGiacomo$0300619 801 0$aIT$bUNINA$gRICA$2UNIMARC 901 $aBK 912 $a990001627390403321 952 $a60 546.715 B 1$b20460$fFAGBC 959 $aFAGBC 996 $aComposti di arsenico in agricoltura$9366694 997 $aUNINA LEADER 01514nam--2200457---450 001 990000502950203316 005 20181128122911.0 010 $a88-350-8831-3 035 $a0050295 035 $aUSA010050295 035 $a(ALEPH)000050295USA01 035 $a0050295 100 $a20010611d1994----km-y0itay0103----ba 101 $aita 102 $aIT 105 $a||||||||001yy 200 1 $aCiviltà del gioco nella società complessa$escuola materna e gioco educativo$fG. Cattanei.. 210 $aBrescia$cLa scuola$dc1994 215 $a175 p.$d22 cm 225 2 $aInfanzia e educazione 410 $12001$aInfanzia e educazione 461 1$1001-------$12001 606 0 $aScuola materna$xAttività espressive 676 $a372.218 702 1$aCATTANEI,$bGiovanni 801 0$aIT$bsalbc$gISBD 912 $a990000502950203316 951 $aII.4. 3081(VI C COLL 12/11)$b121524 LM$cVI C COLL 951 $aII.4. 3081a(VI C COLL 12/11 BIS)$b121525 LM$cVI C COLL 951 $aII.4. 3081b(VI C COLL 12/11 A)$b121526 LM$cVI C COLL 951 $aVI C COLL 12/11 B$b146107 LM$cVI C COLL 959 $aBK 969 $aUMA 979 $aPATTY$b90$c20010611$lUSA01$h1439 979 $c20020403$lUSA01$h1659 979 $aPATRY$b90$c20040406$lUSA01$h1635 979 $aCOPAT1$b90$c20051012$lUSA01$h1512 979 $aCOPAT1$b90$c20051012$lUSA01$h1513 979 $aCOPAT1$b90$c20051012$lUSA01$h1515 996 $aCiviltà del gioco nella società complessa$9887364 997 $aUNISA